SRINIVAS RAMANUJAN (Record no. 5907)
[ view plain ]
| 000 -LEADER | |
|---|---|
| fixed length control field | 00280nam a22001337a 4500 |
| 020 ## - INTERNATIONAL STANDARD BOOK NUMBER | |
| ISBN | 817573812-X |
| 082 ## - DEWEY DECIMAL CLASSIFICATION NUMBER | |
| Classification number | 920 |
| Item number | DUA/S |
| 100 ## - MAIN ENTRY--AUTHOR NAME | |
| Personal name | DUA, SHYAM |
| 245 ## - TITLE STATEMENT | |
| Title | SRINIVAS RAMANUJAN |
| 260 ## - PUBLICATION, DISTRIBUTION, ETC. (IMPRINT) | |
| Place of publication | DELHI |
| Name of publisher | PRINT LINE BOOK |
| 300 ## - PHYSICAL DESCRIPTION | |
| Number of Pages | 95 |
| 650 ## - SUBJECT ADDED ENTRY--TOPICAL TERM | |
| Topical Term | BIOGRAPHY |
| Geographic subdivision | DELHI |
| 942 ## - ADDED ENTRY ELEMENTS (KOHA) | |
| Koha item type | Books |
| Withdrawn status | Lost status | Collection code | Home library | Current library | Shelving location | Date acquired | Source of acquisition | Cost, normal purchase price | Full call number | Accession Number | Koha item type |
|---|---|---|---|---|---|---|---|---|---|---|---|
| Reference | Main Library | Main Library | SHELF-17-K-BIOGRAPHIES & AUTOBIOGRAPHIES | 30/04/2013 | PURCHASE | 30.00 | 920 DUA/S | 03909 | Books | ||
| Reference | Main Library | Main Library | SHELF-17-K-BIOGRAPHIES & AUTOBIOGRAPHIES | 07/10/2006 | PURCHASE | 920 DUA/S | 03238 | Books |